[Event "ARM-ch rapid"]
[Site "Yerevan"]
[Date "2020.01.22"]
[Round "1"]
[White "Gabuzyan, Hovhannes"]
[Black "Mkrtchyan, Sargis R"]
[Result "1-0"]
[WhiteElo "2585"]
[BlackElo "2199"]
[PlyCount "67"]
[EventDate "2020.01.22"]
[EventType "swiss (rapid)"]
[EventRounds "9"]
[EventCountry "ARM"]
[SourceTitle "CBM 194 Extra"]
[Source "ChessBase"]
[SourceDate "2020.03.31"]
[SourceVersion "1"]
[SourceVersionDate "2020.03.31"]
[SourceQuality "1"]

1. Nf3 Nf6 2. g3 g6 3. Bg2 Bg7 4. 0-0 0-0 5. c4 d6 6. Nc3 Nc6 7. Rb1 e5 8. b4 Bf5 9. d3 Qd7 10. b5 Nd8 11. Bg5 Ne8 12. Bxd8 Qxd8 13. Nd2 Bc8 14. a4 f5 15. a5 a6 16. Qa4 axb5 17. cxb5 c6 18. a6 e4 19. dxe4 Kh8 20. Qb3 f4 21. axb7 Bxb7 22. e5 fxg3 23. hxg3 Bxe5 24. Nc4 Rc8 25. Nxe5 dxe5 26. Na4 cxb5 27. Bxb7 bxa4 28. Qa3 Nf6 29. Bxc8 Qxc8 30. Rfc1 Qa8 31. Rb7 Nd5 32. e4 Rc8 33. Rxc8+ Qxc8 34. exd5 1-0

[Event "ARM-ch 1st League 79th"]
[Site "Yerevan"]
[Date "2018.08.20"]
[Round "11"]
[White "Mkrtchyan, Sargis R"]
[Black "Harutyunian, Tigran K"]
[Result "0-1"]
[WhiteElo "2239"]
[BlackElo "2504"]
[PlyCount "154"]
[EventDate "2018.08.09"]
[EventType "tourn"]
[EventRounds "13"]
[EventCountry "ARM"]
[EventCategory "5"]
[SourceTitle "CBM 186 Extra"]
[Source "ChessBase"]
[SourceDate "2018.08.24"]
[SourceVersion "1"]
[SourceVersionDate "2018.08.24"]
[SourceQuality "1"]

1. d4 Nf6 2. c4 e6 3. g3 d5 4. Nf3 Be7 5. Bg2 0-0 6. 0-0 Nbd7 7. Qc2 c6 8. Rd1 b6 9. Bf4 Bb7 10. Nc3 dxc4 11. Ne5 Nd5 12. Nxc4 Nxf4 13. gxf4 Qc7 14. e3 Rac8 15. Rac1 Rfd8 16. a3 a5 17. Qb1 Ba6 18. Ne4 Qb8 19. b4 axb4 20. axb4 Bb5 21. Rd2 Nf8 22. Ne5 f6 23. Nf3 Qb7 24. Bf1 Bxf1 25. Kxf1 f5 26. Ng3 c5 27. Ne5 cxd4 28. Rxc8 Qxc8 29. exd4 Rd5 30. b5 Bd6 31. Nc6 Qe8 32. Re2 Qd7 33. Qb3 g6 34. Rxe6 Qxe6 35. Nd8 Rxb5 36. Qxb5 Qa2 37. Qxb6 Bxf4 38. Qf6 Qd5 39. Kg1 Bc7 40. Nc6 Bd6 41. Ne5 Qe6 42. Qxe6+ Nxe6 43. Nc6 Nf4 44. Nf1 Kf7 45. Ne3 Ke8 46. Kf1 Kd7 47. Na5 Ne6 48. d5 Nc7 49. Kg2 Bf4 50. Nac4 Bxe3 51. Nxe3 Kd6 52. Kg3 Nxd5 53. Nc4+ Ke6 54. Nd2 Nf6 55. Kg2 Ke5 56. Nf3+ Kf4 57. Nd4 Ne4 58. Ne2+ Ke5 59. Nc1 Nc5 60. Ne2 Ne6 61. Kg3 Ke4 62. Nc3+ Kd3 63. Nd5 Ke2 64. Nf6 f4+ 65. Kg2 h5 66. h4 Nd4 67. Nd5 f3+ 68. Kg1 Ke1 69. Ne7 Ne2+ 70. Kh2 Kxf2 71. Nxg6 Ke3 72. Ne7 f2 73. Kg2 Ng3 74. Nd5+ Kd4 75. Kxf2 Ne4+ 76. Kf3 Kxd5 77. Kf4 Kd4 0-1

[Event "ARM-ch 1st League 79th"]
[Site "Yerevan"]
[Date "2018.08.18"]
[Round "9"]
[White "Mkrtchyan, Sargis R"]
[Black "Gharibyan, Mamikon"]
[Result "1/2-1/2"]
[WhiteElo "2239"]
[BlackElo "2341"]
[PlyCount "124"]
[EventDate "2018.08.09"]
[EventType "tourn"]
[EventRounds "13"]
[EventCountry "ARM"]
[EventCategory "5"]
[SourceTitle "CBM 186 Extra"]
[Source "ChessBase"]
[SourceDate "2018.08.24"]
[SourceVersion "1"]
[SourceVersionDate "2018.08.24"]
[SourceQuality "1"]

1. d4 Nf6 2. c4 e6 3. Nf3 b6 4. g3 Ba6 5. Qa4 Bb7 6. Bg2 c5 7. dxc5 bxc5 8. 0-0 Be7 9. Nc3 0-0 10. Rd1 Qb6 11. Bf4 d6 12. Rd2 Ne4 13. Nxe4 Bxe4 14. Rad1 e5 15. Bg5 f6 16. Be3 Nc6 17. Nh4 Bxg2 18. Kxg2 f5 19. Rxd6 Bxd6 20. Rxd6 Rac8 21. Qd1 Kh8 22. Qd5 Nb4 23. Qxe5 Qb7+ 24. Nf3 Nc2 25. Rd5 Rce8 26. Qc3 Nxe3+ 27. fxe3 Qe7 28. Kf2 Rf6 29. Re5 Re6 30. Rxe6 Qxe6 31. h4 Qf6 32. Qxf6 gxf6 33. Ne1 Kg7 34. Nd3 Rc8 35. Kf3 Kf7 36. b3 Ke6 37. Kf4 a5 38. Nb2 Re8 39. Kf3 Kd6 40. Na4 Kc6 41. Kf2 Rd8 42. Ke1 Kd6 43. Nb2 Ke5 44. Nd3+ Ke4 45. Kf2 Rxd3 46. exd3+ Kxd3 47. Kf3 Kc3 48. e4 fxe4+ 49. Kxe4 Kb2 50. Kd5 Kxa2 51. Kxc5 Kxb3 52. Kb5 a4 53. c5 a3 54. c6 a2 55. c7 a1Q 56. c8Q Qf1+ 57. Kb6 Qf2+ 58. Kb5 Qe2+ 59. Kb6 Qe3+ 60. Kb5 Qd3+ 61. Kb6 Qd6+ 62. Qc6 Qxg3 1/2-1/2

[Event "Yerevan Asrian Memorial 11th"]
[Site "Yerevan"]
[Date "2018.06.21"]
[Round "1"]
[White "Sasikiran, Krishnan"]
[Black "Mkrtchyan, Sargis R"]
[Result "1-0"]
[WhiteElo "2666"]
[BlackElo "2251"]
[PlyCount "51"]
[EventDate "2018.06.21"]
[EventType "swiss"]
[EventRounds "9"]
[EventCountry "ARM"]
[SourceTitle "CBM 185 Extra"]
[Source "ChessBase"]
[SourceDate "2018.07.29"]
[SourceVersion "1"]
[SourceVersionDate "2018.07.29"]
[SourceQuality "1"]

1. e4 e5 2. Nf3 Nc6 3. Bb5 a6 4. Ba4 g6 5. c3 Bg7 6. d4 exd4 7. cxd4 b5 8. Bb3 Nge7 9. 0-0 0-0 10. Nc3 d6 11. h3 Na5 12. Bc2 c5 13. Bg5 h6 14. Bh4 g5 15. Bg3 Nc4 16. Bb3 cxd4 17. Nxd4 Nxb2 18. Qd2 Nc4 19. Bxc4 bxc4 20. f4 gxf4 21. Bxf4 d5 22. Bxh6 dxe4 23. Bxg7 Kxg7 24. Nxe4 Be6 25. Qc3 Qb6 26. Rab1 1-0

[Event "EU-ch 19th"]
[Site "Batumi"]
[Date "2018.03.26"]
[Round "9"]
[White "Hayrapetyan, Artavazd R"]
[Black "Mkrtchyan, Sargis R"]
[Result "0-1"]
[WhiteElo "2370"]
[BlackElo "2224"]
[PlyCount "74"]
[EventDate "2018.03.17"]
[EventType "swiss"]
[EventRounds "11"]
[EventCountry "GEO"]
[SourceTitle "CBM 184"]
[Source "ChessBase"]
[SourceDate "2018.05.16"]
[SourceVersion "1"]
[SourceVersionDate "2018.05.16"]
[SourceQuality "1"]

1. d4 Nf6 2. Nf3 g6 3. Bf4 Bg7 4. e3 d6 5. h3 0-0 6. Be2 c5 7. c3 Qb6 8. Qc1 Nc6 9. 0-0 Bf5 10. Nbd2 cxd4 11. exd4 Rac8 12. Nc4 Qd8 13. Qd1 Nd5 14. Bg3 Bh6 15. Re1 b5 16. Ncd2 b4 17. c4 Nc3 18. Qc1 Nxe2+ 19. Rxe2 Bd3 20. Re1 Qb6 21. d5 Nd4 22. Nxd4 Qxd4 23. Qd1 Qxb2 24. Nb3 Bxc4 25. Rxe7 a5 26. Ra7 Ra8 27. Rxa5 Rxa5 28. Nxa5 Bxa2 29. Bxd6 Re8 30. Nc6 b3 31. Bc5 Bg7 32. Bd4 Bxd4 33. Nxd4 Rb8 34. d6 Qxa1 35. Qxa1 b2 36. Qxa2 b1Q+ 37. Qxb1 Rxb1+ 0-1

[Event "EU-ch 19th"]
[Site "Batumi"]
[Date "2018.03.22"]
[Round "6"]
[White "Mkrtchyan, Sargis R"]
[Black "Belous, Mikhail"]
[Result "1-0"]
[WhiteElo "2224"]
[BlackElo "2355"]
[PlyCount "106"]
[EventDate "2018.03.17"]
[EventType "swiss"]
[EventRounds "11"]
[EventCountry "GEO"]
[SourceTitle "CBM 184"]
[Source "ChessBase"]
[SourceDate "2018.05.16"]
[SourceVersion "1"]
[SourceVersionDate "2018.05.16"]
[SourceQuality "1"]

1. d4 Nf6 2. c4 g6 3. Nc3 Bg7 4. e4 d6 5. Nf3 0-0 6. Be2 e5 7. 0-0 Nc6 8. Be3 Ng4 9. Bg5 f6 10. Bh4 g5 11. Bg3 Nh6 12. dxe5 fxe5 13. h3 Nf7 14. Nh2 Nd4 15. Bg4 Nh8 16. Bxc8 Rxc8 17. Ng4 Ng6 18. Ne3 Nf4 19. Nb5 Nde2+ 20. Kh2 a6 21. Na3 Nd4 22. Nac2 Qe8 23. Re1 Nde6 24. Nf5 Bf6 25. Nce3 Qg6 26. Nd5 Rce8 27. b4 Bd8 28. Rc1 b6 29. a4 a5 30. bxa5 bxa5 31. Rb1 Nc5 32. Rb8 Kh8 33. f3 Qe6 34. Qc2 Qd7 35. Nxf4 gxf4 36. Bf2 Na6 37. Rb5 c6 38. Rbb1 d5 39. cxd5 cxd5 40. Red1 Nb4 41. Rxb4 axb4 42. Rxd5 Qe6 43. Rb5 Qa6 44. Rxb4 Ba5 45. Rb5 Rc8 46. Qd1 Rcd8 47. Qa1 Bc7 48. Bb6 Rb8 49. Bxc7 Rxb5 50. Bxe5+ Rxe5 51. Qxe5+ Qf6 52. Qxf4 Re8 53. Qc1 Ra8 1-0

[Event "EU-ch 19th"]
[Site "Batumi"]
[Date "2018.03.21"]
[Round "5"]
[White "Blohberger, Felix"]
[Black "Mkrtchyan, Sargis R"]
[Result "1-0"]
[WhiteElo "2409"]
[BlackElo "2224"]
[PlyCount "125"]
[EventDate "2018.03.17"]
[EventType "swiss"]
[EventRounds "11"]
[EventCountry "GEO"]
[SourceTitle "CBM 184"]
[Source "ChessBase"]
[SourceDate "2018.05.16"]
[SourceVersion "1"]
[SourceVersionDate "2018.05.16"]
[SourceQuality "1"]

1. Nf3 Nf6 2. g3 g6 3. b3 Bg7 4. Bb2 d6 5. d4 c5 6. c4 Ne4 7. Bg2 Qa5+ 8. Nfd2 Nxd2 9. Bc3 Qb6 10. dxc5 Nxb1 11. Bxg7 Qb4+ 12. Kf1 Rg8 13. Bd4 dxc5 14. Be3 Na3 15. Qc1 Qa5 16. Qb2 Nc6 17. Bc1 Nb4 18. Qxa3 Qxa3 19. Bxa3 Nc2 20. Bxc5 Nxa1 21. Ke1 Rb8 22. Kd2 Nxb3+ 23. axb3 b6 24. Bd4 Bb7 25. e4 f6 26. Ra1 Ra8 27. f3 e5 28. Bf2 Kf7 29. Kc3 f5 30. Be3 Rgd8 31. Bg5 Rd7 32. Bh3 h6 33. Be3 Kf6 34. exf5 gxf5 35. f4 Be4 36. fxe5+ Kxe5 37. Bf1 h5 38. Be2 Ke6 39. h4 Rad8 40. Bf4 a5 41. Re1 Rd3+ 42. Kb2 Rd2+ 43. Bxd2 Rxd2+ 44. Ka3 Ke5 45. Bxh5 Kd4 46. Rd1 Rxd1 47. Bxd1 Ke3 48. h5 f4 49. gxf4 Kxf4 50. Kb2 Kg5 51. Kc3 Bf5 52. Kd4 Be6 53. Bc2 Kxh5 54. Ke5 Bg4 55. Kd6 Be2 56. Kc6 a4 57. bxa4 Bxc4 58. Kxb6 Kg5 59. Be4 Kf6 60. Bc6 Ke7 61. Bb5 Bd5 62. a5 Kd8 63. a6 1-0

[Event "EU-ch 19th"]
[Site "Batumi"]
[Date "2018.03.20"]
[Round "4"]
[White "Mkrtchyan, Sargis R"]
[Black "Valiyev, Shahin"]
[Result "1-0"]
[WhiteElo "2224"]
[BlackElo "1634"]
[PlyCount "99"]
[EventDate "2018.03.17"]
[EventType "swiss"]
[EventRounds "11"]
[EventCountry "GEO"]
[SourceTitle "CBM 184"]
[Source "ChessBase"]
[SourceDate "2018.05.16"]
[SourceVersion "1"]
[SourceVersionDate "2018.05.16"]
[SourceQuality "1"]

1. d4 Nf6 2. c4 g6 3. Nc3 Bg7 4. e4 d6 5. Nge2 0-0 6. Ng3 e5 7. d5 a5 8. h4 h5 9. Be2 Nbd7 10. Bg5 Qe8 11. Nb5 Rb8 12. Nxc7 Qd8 13. Nb5 Qb6 14. Be3 Nc5 15. b3 Ng4 16. Bxg4 Bxg4 17. Qc2 Bd7 18. a4 Rbc8 19. f3 Kh7 20. Rb1 Bxb5 21. axb5 Rce8 22. Ne2 Qd8 23. g4 Bh6 24. Bxc5 dxc5 25. gxh5 Qf6 26. hxg6+ fxg6 27. Rh3 Kg7 28. Qd3 Rh8 29. Kf2 Bf4 30. Rbh1 Rh5 31. Ke1 Rd8 32. Kd1 Ra8 33. Nc3 Rah8 34. Kc2 Qd6 35. b6 Qxb6 36. d6 Rd8 37. Nb5 a4 38. bxa4 Qa5 39. Ra1 Rdh8 40. Qc3 Qa6 41. Kb3 Rd8 42. Rd1 Qc6 43. Rhh1 b6 44. a5 bxa5 45. Qxa5 Rd7 46. Qc7 Rxc7 47. dxc7 Rh8 48. Rd8 Be3 49. Ra1 Bd4 50. Ra7 1-0

[Event "Chigorin Memorial 25th"]
[Site "St Petersburg"]
[Date "2017.10.27"]
[Round "7"]
[White "Mkrtchyan, Sargis R"]
[Black "Vakhidov, Jahongir"]
[Result "1/2-1/2"]
[WhiteElo "2145"]
[BlackElo "2498"]
[PlyCount "131"]
[EventDate "2017.10.21"]
[EventType "swiss"]
[EventRounds "9"]
[EventCountry "RUS"]
[SourceTitle "CBM 181 Extra"]
[Source "ChessBase"]
[SourceDate "2017.12.12"]
[SourceVersion "1"]
[SourceVersionDate "2017.12.12"]
[SourceQuality "1"]

1. d4 d6 2. Nf3 g6 3. g3 Bg7 4. Bg2 Nf6 5. 0-0 0-0 6. b3 a5 7. Bb2 c6 8. c4 Bf5 9. Re1 Na6 10. Nc3 Nc7 11. d5 cxd5 12. Nxd5 Nfxd5 13. Bxg7 Ne3 14. fxe3 Kxg7 15. Nd4 Bc8 16. Qd2 Na6 17. Red1 Nc5 18. a3 Qb6 19. b4 axb4 20. axb4 Rxa1 21. Rxa1 Na6 22. Nb5 Kg8 23. Kf2 d5 24. Qd4 Qxd4 25. Nxd4 dxc4 26. b5 Nc5 27. Rc1 Bd7 28. Rxc4 Rc8 29. Rb4 e5 30. Nb3 b6 31. Nd2 Be6 32. Bc6 Rd8 33. Ne4 Nb3 34. Ng5 Nc5 35. Ne4 Nb3 36. Ng5 Na5 37. Nxe6 fxe6 38. Re4 Kf7 39. Rxe5 Nxc6 40. bxc6 Rc8 41. Kf3 Rxc6 42. Rb5 Ke7 43. e4 Kd6 44. Kf4 Kc7 45. Rb2 Rc5 46. h4 b5 47. g4 Kb6 48. e5 h6 49. Rd2 b4 50. Rd6+ Rc6 51. Rd8 Kb5 52. Ke3 b3 53. Kd3 b2 54. Rb8+ Rb6 55. Rxb6+ Kxb6 56. Kc2 Kc5 57. g5 h5 58. Kxb2 Kd4 59. Kc2 Ke3 60. Kd1 Kf4 61. Kd2 Kg4 62. Ke3 Kxh4 63. Kf4 Kh3 64. Kf3 Kh2 65. Kf2 Kh1 66. Kf1 1/2-1/2

[Event "Chigorin Memorial 25th"]
[Site "St Petersburg"]
[Date "2017.10.21"]
[Round "1"]
[White "Artemiev, Vladislav"]
[Black "Mkrtchyan, Sargis R"]
[Result "1-0"]
[WhiteElo "2696"]
[BlackElo "2145"]
[PlyCount "75"]
[EventDate "2017.10.21"]
[EventType "swiss"]
[EventRounds "9"]
[EventCountry "RUS"]
[SourceTitle "CBM 181 Extra"]
[Source "ChessBase"]
[SourceDate "2017.12.12"]
[SourceVersion "1"]
[SourceVersionDate "2017.12.12"]
[SourceQuality "1"]

1. Nf3 Nf6 2. c4 g6 3. b3 Bg7 4. Bb2 c5 5. g3 b6 6. Bg2 Bb7 7. 0-0 0-0 8. e3 e6 9. d4 d6 10. Nc3 a6 11. Qe2 Ne4 12. Rad1 Qc7 13. Nxe4 Bxe4 14. dxc5 Bxb2 15. Qxb2 bxc5 16. Ng5 Bxg2 17. Kxg2 Qc6+ 18. f3 d5 19. cxd5 exd5 20. Qe5 h6 21. Nh3 Re8 22. Qxd5 Rxe3 23. Qd2 Re8 24. Nf2 h5 25. Ne4 Rxe4 26. fxe4 Qxe4+ 27. Kg1 Nc6 28. Qd5 Qxd5 29. Rxd5 Nb4 30. Rd7 Rf8 31. Rf2 Nc6 32. Rd5 Nb4 33. Rd6 Rc8 34. Rd7 Rf8 35. Rfd2 Nc6 36. R2d6 Rc8 37. Rd5 Re8 38. R7d6 1-0

[Event "Yerevan op 2nd"]
[Site "Yerevan"]
[Date "2017.09.22"]
[Round "4"]
[White "Mkrtchyan, Sargis R"]
[Black "Mkrtchian, Lilit"]
[Result "1-0"]
[WhiteElo "2115"]
[BlackElo "2401"]
[PlyCount "67"]
[EventDate "2017.09.19"]
[EventType "swiss"]
[EventRounds "9"]
[EventCountry "ARM"]
[SourceTitle "CBM 180 Extra"]
[Source "ChessBase"]
[SourceDate "2017.10.06"]
[SourceVersion "1"]
[SourceVersionDate "2017.10.06"]
[SourceQuality "1"]

1. d4 Nf6 2. c4 e6 3. Nf3 d5 4. g3 Bb4+ 5. Bd2 Bd6 6. Bg2 0-0 7. 0-0 Nbd7 8. Qc2 c6 9. Rc1 Ne4 10. Ne1 f5 11. Nd3 g5 12. cxd5 exd5 13. e3 Qe7 14. Nc3 h5 15. f4 h4 16. Nxe4 fxe4 17. Ne5 Qg7 18. gxh4 gxf4 19. exf4 Nxe5 20. dxe5 Bh3 21. Be3 Bc7 22. Kf1 Bxg2+ 23. Qxg2 Qxg2+ 24. Kxg2 Bb6 25. Bxb6 axb6 26. Kg3 Rae8 27. Rg1 Kh7 28. Raf1 Rf7 29. Kh3 e3 30. Rg5 d4 31. Rfg1 Kh8 32. f5 e2 33. f6 Rh7 34. e6 1-0

[Event "Poti op 12th"]
[Site "Poti"]
[Date "2017.07.14"]
[Round "1"]
[White "Tutisani, Noe"]
[Black "Mkrtchyan, Sargis R"]
[Result "1-0"]
[WhiteElo "2383"]
[BlackElo "2074"]
[PlyCount "101"]
[EventDate "2017.07.14"]
[EventType "swiss"]
[EventRounds "9"]
[EventCountry "GEO"]
[SourceTitle "CBM 179 Extra"]
[Source "ChessBase"]
[SourceDate "2017.08.23"]
[SourceVersion "1"]
[SourceVersionDate "2017.08.23"]
[SourceQuality "1"]

1. e4 c5 2. Nf3 d6 3. d4 cxd4 4. Nxd4 Nf6 5. Nc3 a6 6. Bg5 e6 7. f4 Qb6 8. Nb3 Qe3+ 9. Qe2 Ng4 10. Nd1 Qxe2+ 11. Bxe2 h6 12. Bh4 g5 13. fxg5 Ne5 14. gxh6 b6 15. Nf2 Nbd7 16. Bg5 Bb7 17. 0-0-0 f6 18. Bf4 Ke7 19. h4 Bxh6 20. Bxh6 Rxh6 21. Rd4 Rah8 22. h5 Rg8 23. Rh2 Rg3 24. Nd2 a5 25. Nf1 Rg8 26. Ne3 Rhh8 27. g4 Nf7 28. Rh1 Rc8 29. Rhd1 Nde5 30. Nc4 Nxc4 31. Rxc4 Rxc4 32. Bxc4 Ng5 33. Bd3 Rc8 34. Kd2 Rc5 35. Ke3 Re5 36. Kf4 d5 37. exd5 Rxd5 38. c4 Rd4+ 39. Ke3 e5 40. Bf5 Rxd1 41. Nxd1 Nf7 42. Nc3 Kd6 43. Be4 Bxe4 44. Kxe4 Ke6 45. Nd5 Nh6 46. Kf3 b5 47. Nc7+ Kd6 48. Nxb5+ Kc5 49. b3 a4 50. Nc3 axb3 51. axb3 1-0

[Event "Yerevan Asrian Memorial 10th"]
[Site "Yerevan"]
[Date "2017.06.23"]
[Round "3"]
[White "Danielian, Elina"]
[Black "Mkrtchyan, Sargis R"]
[Result "1-0"]
[WhiteElo "2451"]
[BlackElo "2072"]
[PlyCount "69"]
[EventDate "2017.06.21"]
[EventType "swiss"]
[EventRounds "9"]
[EventCountry "ARM"]
[SourceTitle "EXT 2018"]
[Source "ChessBase"]
[SourceDate "2017.10.13"]
[SourceVersion "1"]
[SourceVersionDate "2017.10.13"]
[SourceQuality "1"]

1. Nf3 Nf6 2. c4 g6 3. Nc3 Bg7 4. g3 0-0 5. Bg2 d6 6. d4 c5 7. 0-0 Nc6 8. dxc5 dxc5 9. Bf4 Nh5 10. Bg5 h6 11. Bd2 Be6 12. Qc1 Kh7 13. Rd1 Qc8 14. Nd5 Bh3 15. Bc3 e5 16. e3 Bxg2 17. Kxg2 f5 18. b3 Rf7 19. Rd2 Qe6 20. Qc2 Raf8 21. Rad1 g5 22. g4 e4 23. gxh5 exf3+ 24. Kxf3 Bxc3 25. Nxc3 Qe5 26. Kg2 Nb4 27. Qb2 f4 28. Nd5 Qe4+ 29. f3 Qe6 30. Qb1+ Kh8 31. Qg6 Qxg6 32. hxg6 fxe3 33. Nxe3 Rxf3 34. Rd7 Kg8 35. Ng4 1-0

[Event "Yerevan op 1st"]
[Site "Yerevan"]
[Date "2016.10.09"]
[Round "8"]
[White "Mkrtchyan, Sargis R"]
[Black "Nadanian, Ashot S"]
[Result "0-1"]
[WhiteElo "2144"]
[BlackElo "2391"]
[PlyCount "56"]
[EventDate "2016.10.02"]
[EventType "swiss"]
[EventRounds "9"]
[EventCountry "ARM"]
[SourceTitle "EXT 2017"]
[Source "ChessBase"]
[SourceDate "2016.10.25"]
[SourceVersion "1"]
[SourceVersionDate "2016.10.25"]
[SourceQuality "1"]

1. d4 Nf6 2. c4 c5 3. d5 Ne4 4. f3 Qa5+ 5. Nd2 Nd6 6. e4 g6 7. e5 Nf5 8. Bd3 d6 9. f4 Bg7 10. Ngf3 b5 11. Kf2 0-0 12. Re1 Na6 13. cxb5 Nb4 14. Bc4 e6 15. dxe6 Bxe6 16. exd6 Bxc4 17. Nxc4 Qxb5 18. Nce5 c4 19. g4 Nxd6 20. Qxd6 Rad8 21. Qe7 Nc2 22. a4 Qb6+ 23. Kg3 Nxe1 24. Nxe1 Qg1+ 25. Ng2 Bxe5 26. fxe5 Rd3+ 27. Kh4 Qxh2+ 28. Kg5 h6+ 0-1

[Event "Yerevan op 1st"]
[Site "Yerevan"]
[Date "2016.10.07"]
[Round "6"]
[White "Mkrtchyan, Sargis R"]
[Black "Gabuzyan, Hovhannes"]
[Result "1/2-1/2"]
[WhiteElo "2144"]
[BlackElo "2592"]
[PlyCount "72"]
[EventDate "2016.10.02"]
[EventType "swiss"]
[EventRounds "9"]
[EventCountry "ARM"]
[SourceTitle "EXT 2017"]
[Source "ChessBase"]
[SourceDate "2016.10.25"]
[SourceVersion "1"]
[SourceVersionDate "2016.10.25"]
[SourceQuality "1"]

1. d4 Nf6 2. c4 g6 3. Nc3 c5 4. d5 Bg7 5. g3 0-0 6. Bg2 d6 7. Nf3 e6 8. 0-0 exd5 9. cxd5 a6 10. a4 Re8 11. Nd2 Nbd7 12. h3 Qc7 13. Nc4 Nb6 14. Na3 Bd7 15. a5 Nc8 16. Qb3 Na7 17. Bf4 Nh5 18. Bd2 Rab8 19. Nc4 Bb5 20. Rfe1 Bxc4 21. Qxc4 b5 22. axb6 Rxb6 23. b4 Rxb4 24. Qxa6 Rb2 25. Qxa7 Qxa7 26. Rxa7 Rxd2 27. Ne4 Rxd5 28. Rd7 Rd4 29. Nxd6 Re6 30. Rd8+ Bf8 31. Nb7 Rxd8 32. Nxd8 Rd6 33. Nb7 Rd2 34. Rc1 Rxe2 35. Nxc5 Bh6 36. Rc4 Re1+ 1/2-1/2

[Event "Yerevan Asrian Memorial 9th"]
[Site "Yerevan"]
[Date "2016.06.19"]
[Round "4"]
[White "Shmavonyan, Areg"]
[Black "Mkrtchyan, Sargis R"]
[Result "1-0"]
[WhiteElo "1995"]
[BlackElo "2183"]
[PlyCount "79"]
[EventDate "2016.06.16"]
[EventType "swiss"]
[EventRounds "9"]
[EventCountry "ARM"]
[SourceTitle "CBM 173 Extra"]
[Source "ChessBase"]
[SourceDate "2016.08.29"]
[SourceVersion "1"]
[SourceVersionDate "2016.08.29"]
[SourceQuality "1"]

1. d4 d6 2. c4 Nf6 3. Nc3 g6 4. e4 Bg7 5. f3 0-0 6. Nge2 c6 7. Be3 a6 8. c5 b5 9. Qd2 Nbd7 10. Nf4 Qc7 11. Nd3 dxc5 12. dxc5 Rd8 13. Qf2 e5 14. Be2 Nf8 15. 0-0 Ne6 16. Rfd1 Nd4 17. Bf1 Be6 18. Rd2 a5 19. Nxe5 Nb3 20. axb3 Qxe5 21. Rxa5 Bxb3 22. Rxa8 Rxa8 23. Bd4 Qe7 24. Qe3 Be6 25. b4 Nd7 26. Bxg7 Kxg7 27. Qd4+ Qf6 28. Qxf6+ Kxf6 29. Rd6 Nb8 30. Kf2 Ra3 31. Nd5+ Ke5 32. Ne7 Rb3 33. Rd8 Rb2+ 34. Ke3 Nd7 35. Nxc6+ Kf6 36. f4 g5 37. e5+ Kf5 38. Nd4+ Kg4 39. Be2+ Rxe2+ 40. Kxe2 1-0

[Event "Yerevan Asrian Memorial 9th"]
[Site "Yerevan"]
[Date "2016.06.18"]
[Round "3"]
[White "Mkrtchyan, Sargis R"]
[Black "Hovhannisyan, Robert"]
[Result "0-1"]
[WhiteElo "2183"]
[BlackElo "2641"]
[PlyCount "80"]
[EventDate "2016.06.16"]
[EventType "swiss"]
[EventRounds "9"]
[EventCountry "ARM"]
[SourceTitle "CBM 173 Extra"]
[Source "ChessBase"]
[SourceDate "2016.08.29"]
[SourceVersion "1"]
[SourceVersionDate "2016.08.29"]
[SourceQuality "1"]

1. d4 Nf6 2. Nf3 d5 3. c4 e6 4. Nc3 Nbd7 5. Bf4 dxc4 6. e3 b5 7. Nxb5 Nd5 8. Bg3 Bb4+ 9. Nd2 N7b6 10. Qc2 0-0 11. Be2 Ba6 12. Nc3 c5 13. 0-0 cxd4 14. exd4 Rc8 15. Nf3 Bb7 16. Rad1 f5 17. Rfe1 Qe8 18. Be5 Nd7 19. Bf1 Qh5 20. Be2 Qh6 21. a3 Be7 22. Qa4 Bc6 23. Qa6 Qg6 24. Bxc4 Nxc3 25. bxc3 Bxf3 26. Qxe6+ Kh8 27. Qxg6 hxg6 28. Bxg7+ Kxg7 29. Rxe7+ Kf6 30. Rde1 Be4 31. Rxd7 Rxc4 32. f3 Bd3 33. Rxa7 Rxc3 34. d5 Rf7 35. Re6+ Kg7 36. Ra5 Rc1+ 37. Kf2 f4 38. g4 Rb7 39. Kg2 Bf1+ 40. Kg1 Bh3+ 0-1

[Event "Moscow op-A"]
[Site "Moscow"]
[Date "2016.02.01"]
[Round "3"]
[White "Mkrtchyan, Sargis R"]
[Black "Samusenko, Maksim"]
[Result "0-1"]
[WhiteElo "2214"]
[BlackElo "2362"]
[PlyCount "80"]
[EventDate "2016.01.30"]
[EventType "swiss"]
[EventRounds "9"]
[EventCountry "RUS"]
[SourceTitle "CBM 170 Extra"]
[Source "ChessBase"]
[SourceDate "2016.02.25"]
[SourceVersion "1"]
[SourceVersionDate "2016.02.25"]
[SourceQuality "1"]

1. d4 Nf6 2. Nf3 g6 3. c4 Bg7 4. Nc3 0-0 5. e4 d6 6. h3 e5 7. d5 Na6 8. Bg5 Qe8 9. Be2 Nc5 10. Nd2 a5 11. g4 h6 12. Be3 Nh7 13. Rg1 Kh8 14. Qc2 Bd7 15. 0-0-0 a4 16. Nf3 Qe7 17. Qd2 Nf6 18. Bxh6 Nfxe4 19. Nxe4 Nxe4 20. Qe3 Nc5 21. h4 f6 22. Nd2 Rae8 23. f3 Bxh6 24. Qxh6+ Qh7 25. Qe3 Kg7 26. h5 g5 27. Ne4 b6 28. b4 axb3 29. axb3 Ra8 30. Kb2 Ra7 31. Ra1 Rfa8 32. Nxc5 bxc5 33. Bd3 Qh8 34. Qe4 f5 35. gxf5 Rxa1 36. Rxa1 Rxa1 37. Kxa1 Qxh5 38. f4 gxf4 39. Qg2+ Kf7 40. f6 Qg4 0-1

[Event "Al Ain op 4th"]
[Site "Al Ain"]
[Date "2015.12.30"]
[Round "9"]
[White "Rahul, Srivatshav P"]
[Black "Mkrtchyan, Sargis R"]
[Result "1-0"]
[WhiteElo "2086"]
[BlackElo "2236"]
[PlyCount "47"]
[EventDate "2015.12.23"]
[EventType "swiss"]
[EventRounds "9"]
[EventCountry "UAE"]
[SourceTitle "CBM 170 Extra"]
[Source "ChessBase"]
[SourceDate "2016.02.25"]
[SourceVersion "1"]
[SourceVersionDate "2016.02.25"]
[SourceQuality "1"]

1. d4 Nf6 2. c4 g6 3. Nc3 d5 4. cxd5 Nxd5 5. e4 Nxc3 6. bxc3 Bg7 7. Nf3 c5 8. Be3 Qa5 9. Qd2 Nc6 10. Rb1 a6 11. Rc1 cxd4 12. cxd4 Qxd2+ 13. Kxd2 e6 14. Bd3 Bd7 15. Rc4 0-0 16. h4 Rfc8 17. h5 Bf8 18. hxg6 hxg6 19. Rhc1 Ba3 20. Rh1 Nb4 21. Bg5 f6 22. Bxf6 Rf8 23. Rh8+ Kf7 24. Ne5+ 1-0

[Event "Al Ain op 4th"]
[Site "Al Ain"]
[Date "2015.12.29"]
[Round "8"]
[White "Mkrtchyan, Sargis R"]
[Black "Notkevich, Benjamin Arvola"]
[Result "0-1"]
[WhiteElo "2236"]
[BlackElo "2328"]
[PlyCount "110"]
[EventDate "2015.12.23"]
[EventType "swiss"]
[EventRounds "9"]
[EventCountry "UAE"]
[SourceTitle "CBM 170 Extra"]
[Source "ChessBase"]
[SourceDate "2016.02.25"]
[SourceVersion "1"]
[SourceVersionDate "2016.02.25"]
[SourceQuality "1"]

1. d4 c5 2. d5 e6 3. c4 exd5 4. cxd5 d6 5. Nc3 g6 6. Nf3 Bg7 7. Bf4 Ne7 8. e4 0-0 9. Be2 a6 10. a4 Bg4 11. 0-0 Bxf3 12. Bxf3 Nc8 13. Qb3 Qc7 14. Rfe1 Nd7 15. Be2 Rb8 16. Bg3 Re8 17. f4 Na7 18. e5 dxe5 19. d6 Qxd6 20. Rad1 Qe7 21. Bg4 Nf6 22. Bf3 Qe6 23. Qxe6 fxe6 24. fxe5 Nh5 25. Bf2 Nc6 26. Bxc5 Rbc8 27. Bd6 Nf4 28. h4 Nh5 29. Kf2 Red8 30. Bg4 Re8 31. g3 Bh8 32. Kg2 Ng7 33. Ne4 Nf5 34. Nc5 Ncd4 35. Nxb7 Rc2+ 36. Kh3 Rec8 37. Ba3 Rf2 38. Rf1 Rxf1 39. Rxf1 Bxe5 40. Nc5 h5 41. Bxf5 exf5 42. Nxa6 Ne2 43. Re1 Rc2 44. Nb4 Rd2 45. Nc6 Bc7 46. a5 f4 47. Ne7+ Kf7 48. Nd5 Bxa5 49. b4 Bd8 50. b5 fxg3 51. b6 g2 52. Rxe2 Rxe2 53. Kh2 Bxh4 54. b7 Bg3+ 55. Kg1 h4 0-1